000 01095nam a2200265Ia 4500
003 OSt
005 20220930094755.0
006 a|||||r|||| 00| 0
007 ta
008 220926b |||||||| |||| 00| 0 hin d
024 _a11280
037 _cTheses
040 _aCRL
_cCRL
_bhin
041 _2hin
_ahin
100 _aशर्मा, सरोज, ले.
110 _aदिल्ली विश्वविद्यालय. कला संकाय. हिन्दी विभाग
245 0 _aस्वतन्त्रता पूर्व वैचारिक हिन्दी निबन्ध और स्त्री प्रश्न
246 _aSvatantratā pūrva vaichārik hindī nibandha aur strī prashna
260 _c2011
300 _a247पृ0
_ap.
_ccm.
650 _aहिन्दी साहित्य
700 _aदिल्ली विश्वविद्यालय. कला संकाय. हिन्दी विभाग
942 _cDIS
_2CC
999 _c887660
_d887660